Ninjago: Name the main ninja for each season - Statistics

General Stats
  • This quiz has been taken 2,279 times
  • The average score is 4 of 6
Answer Stats
Season Answer % Correct
Season 1 Kai
95%
Season 2 Lloyd
90%
Rebooted Zane
88%
The Tournament of Elements Kai
71%
Possession Lloyd
61%
Season 6 Jay (supposedly)
1%
No matching quizzes found
Score Distribution
Percent of People with Each Score
Percentile by Number Answered
Your Score History
You have not taken this quiz